00291nam a2200109Ia 4500008004100000041000800041082001800049100001800067245004500085260003800130300001300168240624s9999 xx 000 0 und d aeng a659.10973 BON aBOND JONATHAN aUNDER THE RADAR TALKING TO TODAY S CYNIC c1997aNew YorkbJohn Wiley & Sons a256 : p.